Objektivizácia a zvýšenie presnosti realizácie teplotnej stupnice bezkontaktnými metódami merania /
Salvato in:
| Autore principale: | |
|---|---|
| Natura: | Manoscritto Libro |
| Lingua: | slovacco |
| Pubblicazione: |
Bratislava :
SVŠT v Bratislave SjF,
1991
|
| Tags: |
Nessun Tag, puoi essere il primo ad aggiungerne!!
|
MARC
| LEADER | 00000ntm a22000003a 4500 | ||
|---|---|---|---|
| 001 | stu32207 | ||
| 005 | 20171219130416.5 | ||
| 008 | ------s1991----xo------------------slo-d | ||
| 040 | |a STU |b slo | ||
| 041 | 0 | |a slo | |
| 044 | |a xo | ||
| 080 | |a 536.6 | ||
| 100 | 1 | |a Ďuriš, Stanislav |4 aut |X 36537 |7 A000036537 | |
| 245 | 1 | |a Objektivizácia a zvýšenie presnosti realizácie teplotnej stupnice bezkontaktnými metódami merania / |c [aut.] Ďuriš,Stanislav | |
| 260 | |a Bratislava : |b SVŠT v Bratislave SjF, |c 1991 | ||
| 300 | |a 117 s | ||
| 996 | |b J88666 |c J*88666 |l JJSK |s A |a 24 |w stu32207_0001 | ||